Normal view
MARC view
- Ricahrd E. Sonntag
Entry Personal Name
001 - CONTROL NUMBER
- control field: 127480
003 - CONTROL NUMBER IDENTIFIER
- control field: NUST
005 - DATE AND TIME OF LATEST TRANSACTION
- control field: 20250110104950.0
008 - FIXED-LENGTH DATA ELEMENTS
- fixed length control field: 250110|| aca||aabn | a|a d
040 ## - CATALOGING SOURCE
- Original cataloging agency: NUST
- Transcribing agency: NUST
100 ## - HEADING--PERSONAL NAME
- Personal name: Ricahrd E. Sonntag
670 ## - SOURCE DATA FOUND
- Source citation: Work cat.: (NUST): Ricahrd E. Sonntag, Introduction to engineering thermodynamics , 2001.
